000
00237nam a22000857a 4500
999
_c
11557
_d
11557
008
190618b ||||| |||| 00| 0 eng d
100
_a
Clever Factory
_9
7264
245
_a
Bible Reader's stories in Book
260
_a
China
_b
The Clever
_c
2017